| 000 | 00510nam a2200169 a 4500 | ||
|---|---|---|---|
| 001 | 000034969 | ||
| 005 | 20200930074022.0 | ||
| 008 | 111024s1952 fr 000 0 spa d | ||
| 040 |
_aDO-SdBNP _bfr _cBNPHU |
||
| 082 |
_axxx _bB363l |
||
| 100 | 1 |
_aBazin, Hervé _960564 |
|
| 245 | 1 | 0 |
_aLéve-toi et marche : _bRoman / _cHervé Bazin. |
| 260 |
_aParis : _bBernard Grasset, _c1952. |
||
| 300 |
_a278 p. ; _c19 cm. |
||
| 590 | _aPerteneció a la biblioteca personal de Juan Isidro Jimenes Grullón. | ||
| 049 | _aBNGR | ||
| 999 |
_c34460 _d34460 |
||